Výsledky mikropaleobotanických studií chat-akvitánského souvrství na Slovensku

Bibliographic Details
Main Author: Pacltová, Blanka, 1928-2019 (Author)
Format: Book
Language:Czech
PhysicalDescription:68 s., 24 s. obr. príl. grafy, tab. 8°
Published: Praha Academia 1966
Series:Rozpravy ČSAV
Subjects:

MARC

LEADER 00000cam a2200000 a 4500
001 vtls009804886
003 SK-MaSNL
005 20260426012059.0
008 230501s1966 xr a f 000 0 cze
015 |a SNBA1966 
020 |q (brožované) 
035 |a urn:nbn:sk:snk-am00icr8 
035 |a 3469AF59-9F83-4F04-A4B2-46887291EAE8 
040 |a SNK  |b slo  |c SNK  |e AACR2 
041 1 |a cze  |b eng 
044 |a xr  |c CZ 
080 |a 561  |2 001 
080 |a 551.78(437.64)  |2 2001 
100 1 |a Pacltová, Blanka,  |d 1928-2019  |4 aut  |9 698821 
245 1 0 |a Výsledky mikropaleobotanických studií chat-akvitánského souvrství na Slovensku  |c Blanka Pacltová 
260 |a Praha  |b Academia  |c 1966 
300 |a 68 s., 24 s. obr. príl.  |b grafy, tab.  |c 8° 
366 |e 700 výtl. 
490 1 |a Rozpravy ČSAV. Řada matematických a přírodních věd  |v roč. 76/1966, seš. 13 
504 |a Bibliografia na s. 52-55 
546 |a Anglické resumé 
650 0 7 |a paleobotanika  |2 SNKPH  |9 3732 
650 0 7 |a oligocén  |2 SNKPH  |9 50701 
650 0 7 |a miocén  |2 SNKPH  |9 50702 
651 7 |a Slovensko  |2 SNKPHgeo  |9 14231 
651 7 |a Kordíky (Slovensko)  |2 SNK  |9 179814 
651 7 |a Banskobystrická kotlina (Slovensko)  |2 SNKPHgeo  |9 698822 
655 7 |a štúdie  |2 SNKPH  |9 57033 
830 0 |a Rozpravy ČSAV  |9 382312 
852 |a Slovenská národná knižnica 
954 |a odborná, vedecká literatúra cudzojazyčná (svetová)  |2 lita 
958 |a OND 
958 |a EUIPO 
999 |c 1088349  |d 1090279 
952 |a SNK  |b SNK  |y PREZ  |7 0  |p 17A0892006  |o snkSC 21824  |i snkKIP 9885/66  |0 0  |1 0  |4 0  |d 2012-08-27  |f 1  |l 0  |r 2026-02-24 16:48:36  |w 2026-02-24 
952 |a SNK  |b SNK  |y VYP  |7 0  |p 17A0656393  |o snkSC 21824 D1  |i snkKIP 9886/66  |0 0  |1 0  |4 0  |d 2010-05-10  |l 0  |r 2026-02-24 16:48:36  |w 2026-02-24